| 000 | 00748nam a2200205 i 4500 | ||
|---|---|---|---|
| 001 | 140851 | ||
| 003 | ES-MaACL | ||
| 005 | 20230906200151.0 | ||
| 007 | t| | ||
| 008 | 070917s1921 sp ||||1| spa d | ||
| 100 | 1 |
_aWencker, Federico. _9116481 |
|
| 245 | 1 | 3 |
_aLa inevitable guerra entre el Japón y América del Norte _b: (estudio político) / _cFederico Wencker ; traducción por Andrés González-Blanco y Enrique Ruiz de la Serna. |
| 260 |
_aBarcelona : _bEdit. Cervantes, _c[1921] |
||
| 300 |
_a126 p. ; _c20 cm. |
||
| 650 | 1 | 4 |
_aGuerra mundial, 1914-1918. _913212 |
| 700 | 1 |
_aGonzález-Blanco, Andrés, _d1886-1924 _958459 |
|
| 700 | 1 |
_aRuiz de la Serna, Enrique. _9100753 |
|
| 852 |
_aES-MaACL _jF-7681 |
||
| 999 |
_c140851 _d140851 |
||